The noble scholar, jurist, historian


 His Excellency Dr. Abdul Wahhab bin Ibrahim Abu Sulaiman, may Allah have mercy on him.


 He was born in Umm Al-Qura in the year 1356 AH.

دروس أصول الفقه المكية / (Record no. 3046)

MARC details
000 -LEADER
fixed length control field 02511cam a2200337 i 4500
003 - CONTROL NUMBER IDENTIFIER
control field SA-RiAUC
005 - DATE AND TIME OF LATEST TRANSACTION
control field 20241205082551.0
008 - FIXED-LENGTH DATA ELEMENTS--GENERAL INFORMATION
fixed length control field 241204s2003 ts g f00000 ara c
024 0# - OTHER STANDARD IDENTIFIER
Standard number or code 00000000972960
024 0# - OTHER STANDARD IDENTIFIER
Standard number or code 00000000986066
040 ## - CATALOGING SOURCE
Original cataloging agency AE-AdMPA
Language of cataloging ara
Transcribing agency SA-RiAUC
Modifying agency AE-DuMBRL
Description conventions rda
050 #4 - LIBRARY OF CONGRESS CALL NUMBER
Item number .D87 2003
082 04 - DEWEY DECIMAL CLASSIFICATION NUMBER
Classification number 251
Assigning agency SA-RiAUC
090 ## - LOCALLY ASSIGNED LC-TYPE CALL NUMBER (OCLC); LOCAL CALL NUMBER (RLIN)
Classification number (OCLC) (R) ; Classification number, CALL (RLIN) (NR) 251
Local cutter number (OCLC) ; Book number/undivided call number, CALL (RLIN) د ر و
245 00 - TITLE STATEMENT
Title دروس أصول الفقه المكية /
Statement of responsibility, etc. جمع أحمد جابر جبران المكي اليمني ؛ تعليقات أحمد الزمزمي، هاني عبد الشكور ؛ راجعه خلف محمد.
250 ## - EDITION STATEMENT
Edition statement الطبعة الأولى.
264 #1 - PRODUCTION, PUBLICATION, DISTRIBUTION, MANUFACTURE, AND COPYRIGHT NOTICE
Place of production, publication, distribution, manufacture دبي، الإمارات العربية المتحدة :
Name of producer, publisher, distributor, manufacturer دائرة الأوقاف والشؤون الإسلامية،
Date of production, publication, distribution, manufacture, or copyright notice 2003.
300 ## - PHYSICAL DESCRIPTION
Extent 293 صفحة ؛
Dimensions 24 × 17 سم
336 ## - CONTENT TYPE
Content type term نص
Content type code txt
Source rdacontent
Materials specified كتاب
337 ## - MEDIA TYPE
Media type term بدون وسيط
Media type code n
Source rdamedia
338 ## - CARRIER TYPE
Carrier type term مجلد
Carrier type code nc
Source rdacarrier
520 ## - SUMMARY, ETC.
Summary, etc. يتناول كتاب (دروس أصول الفقه المكية) والذي قام بتأليفه أحمد جابر جبران المكي اليمني، موضوع (أصول الفقه) هذا الكتاب رسالة وجيزة في أصول الفقه تشتمل على فوائد عزيزة تسهل للطلبة الصعاب، وتكون سلما لهم، على فهم أصول الفقه لطلاب المدارس الثانوية والعالية، وقد جعل المؤلف عقب كل درس أسئلة لائقة به تمكن الطالب من البحث الكامل، وتشجعه على حل المشاكل. وقد تناول التنويه بأصول الفقه وبيان مكانته، والمبادئ الكلامية، والمبادئ اللغوية، ومبادئ الأحكام الشرعية، والكتاب ومباحثه، ومباحث السنة، والإجماع، والقياس، والاستدلال، وفي التعادل والتراجيح، وفي الاجتهاد.
650 #7 - SUBJECT ADDED ENTRY--TOPICAL TERM
Topical term or geographic name entry element أصول الفقه الإسلامي
Source of heading or term aucsh
700 1# - ADDED ENTRY--PERSONAL NAME
Personal name جبران، أحمد جابر
Relator term جامع.
700 1# - ADDED ENTRY--PERSONAL NAME
Personal name الزمزمي، أحمد يوسف بن جمال
Relator term معلق.
700 1# - ADDED ENTRY--PERSONAL NAME
Personal name عبد الشكور، هاني أحمد عبد الرحمن
Relator term معلق.
700 1# - ADDED ENTRY--PERSONAL NAME
Personal name محمد، خلف
Relator term مراجع.
942 ## - ADDED ENTRY ELEMENTS (KOHA)
Source of classification or shelving scheme Dewey Decimal Classification
Koha item type Books
Suppress in OPAC No
949 ## - LOCAL PROCESSING INFORMATION (OCLC)
a SA-JeALM
d 241204
u osman123
n 1
Holdings
Withdrawn status Lost status Source of classification or shelving scheme Damaged status Not for loan Home library Current library Date acquired Total checkouts Full call number Barcode Date last seen Price effective from Koha item type
    Dewey Decimal Classification     DR AbdElwahab Library DR AbdElwahab Library 12/05/2024   251 د ر و 000004773 12/05/2024 12/05/2024 Books